Kaitlin's Rock N Roll Music - Statistics

General Stats
  • This quiz has been taken 448 times
  • The average score is 6 of 10
Answer Stats
Hint Answer % Correct
What band is Mick Jagger in? Rolling Stones
93%
Who is the lead singer of Black Sabbath? Ozzy Osbourne
89%
Finish the lyrics, "Here I am, I'm gonna rock you like a _______" Hurricane
82%
Who sung the song "Pour Some Sugar on Me"? Def Leppard
80%
Who sung the song "Dr. Feelgood"? Motley Crue
67%
Finish the lyrics, "Exit light, enter _______" Night
66%
Finish the lyrics, "Not looking for nothin', but a _____ ______" Good time
58%
Who sung the song "Youth Gone Wild"? Skid Row
36%
Who wrote the song "Home Sweet Home"? Nikki Sixx
23%
Who is the drummer of the band Poison? Rikki Rocket
15%
No matching quizzes found
Score Distribution
Percent of People with Each Score
Percentile by Number Answered
Your Score History
You have not taken this quiz